00646cam a22002411 4500001001300000003000400013005001700017008004100034010001700075025002000092035002000112040002500132042001200157050001900169100003400188245004700222250001600269260005300285300002200338500001600360500001100376999001700387sa 68005691 DLC20260227112510.0900223s1967 ii 000 0 pan  asa 68005691  aPL480:I-Pu-1126 a(OCoLC)21113837 aDLCcMiEMdMiEMdDLC apremarc00aPK2659.A84bB51 aHamarāhī, Ātama,d1936-10aBihāga.c[Lekhaka] Ātama Hamarāhī. a[1. Wāra] aAmritasara,bDarabāra Publishing Housec[1967] a7, 115 p.c19 cm. aIn Panjabi. aPoems. c80883d80883